Méga-évolutions - Statistiques

Statistiques générales
  • Ce quiz a été pris 178 fois
  • Le résultat moyen est 38 sur 48
Statistiques - réponses
Numéro Méga-pokémons % Correct
003 Méga-Florizarre
99%
006 Méga-Dracaufeu X
98%
006 Méga-Dracaufeu Y
98%
009 Méga-Tortank
98%
257 Méga-Braségali
90%
150 Méga-Mewtwo X
90%
150 Méga-Mewtwo Y
90%
384 Méga-Rayquaza
89%
018 Méga-Roucarnage
89%
094 Méga-Ectoplasma
88%
282 Méga-Gardevoir
87%
254 Méga-Jungko
87%
015 Méga-Dardargnan
86%
260 Méga-Laggron
86%
460 Méga-Gallame
85%
130 Méga-Léviator
83%
448 Méga-Lucario
82%
376 Méga-Métalosse
82%
373 Méga-Drattak
81%
445 Méga-Carchacrok
80%
065 Méga-Alakazam
78%
719 Méga-Diancie
78%
359 Méga-Absol
77%
115 Méga-Kangourex
77%
142 Méga-Ptéra
77%
248 Méga-Tyranocif
77%
380 Méga-Latias
75%
381 Méga-Latios
75%
531 Méga-Nanméouïe
75%
303 Méga-Mysdibule
74%
362 Méga-Oniglali
74%
181 Méga-Pharamp
74%
127 Méga-Scarabrute
74%
319 Méga-Sharpedo
74%
323 Méga-Camérupt
73%
302 Méga-Ténéfix
73%
334 Méga-Altaria
72%
212 Méga-Cizayox
72%
310 Méga-Élecsprint
72%
214 Méga-Scarhino
72%
306 Méga-Galeking
70%
208 Méga-Steelix
70%
080 Méga-Flagadoss
68%
229 Méga-Démolosse
66%
428 Méga-Lockpin
64%
354 Méga-Branette
63%
308 Méga-Charmina
59%
475 Méga-Blizzaroi
57%
Aucun quiz correspondant
Distribution des résultats
% des personnes avec chaque résultat
Percentile par nombre de réponses
Votre historique - résultats
Vous n’avez pas pris ce quiz